000 00329 a2200133 4500
000 nam a22 7a 4500
100 _aVohra, N. D
110 _aVohra, N. D
245 _aQuantitative Techniques in Management
250 _a6th/Latest edition
260 _bMcGraw Hill
_c2021
264 _bMcGraw Hill
_c2021
942 _cBK
999 _c396982
_d396982